Story of Indian aggressions against Pakistan. (Record no. 74249)

MARC details
000 -LEADER
fixed length control field 00721cam a22002531 4500
001 - CONTROL NUMBER
control field sa 67004077
003 - CONTROL NUMBER IDENTIFIER
control field DLC
005 - DATE AND TIME OF LATEST TRANSACTION
control field 20260227112343.0
008 - FIXED-LENGTH DATA ELEMENTS--GENERAL INFORMATION
fixed length control field 840809s1966 pk ac 000 0 eng
010 ## - LIBRARY OF CONGRESS CONTROL NUMBER
LC control number sa 67004077
025 ## - OVERSEAS ACQUISITION NUMBER
Overseas acquisition number PL480:P-E-1090
035 ## - SYSTEM CONTROL NUMBER
System control number (OCoLC)11037014
040 ## - CATALOGING SOURCE
Original cataloging agency DLC
Transcribing agency NcWsW
Modifying agency DLC
042 ## - AUTHENTICATION CODE
Authentication code premarc
050 00 - LIBRARY OF CONGRESS CALL NUMBER
Classification number DS383.5.I5
Item number G45
082 ## - DEWEY DECIMAL CLASSIFICATION NUMBER
Classification number 954.9/04
100 1# - MAIN ENTRY--PERSONAL NAME
Personal name Ghaznawi, Khalid.
245 10 - TITLE STATEMENT
Title Story of Indian aggressions against Pakistan.
250 ## - EDITION STATEMENT
Edition statement [1st ed.]
260 ## - PUBLICATION, DISTRIBUTION, ETC.
Place of publication, distribution, etc. Lahore,
Name of publisher, distributor, etc. National Book House
Date of publication, distribution, etc. [1966]
300 ## - PHYSICAL DESCRIPTION
Extent 328 p.
Other physical details illus., ports. (part col.)
Dimensions 21 cm.
651 #0 - SUBJECT ADDED ENTRY--GEOGRAPHIC NAME
Geographic name Pakistan
General subdivision Foreign relations
Geographic subdivision India.
651 #0 - SUBJECT ADDED ENTRY--GEOGRAPHIC NAME
Geographic name India
General subdivision Foreign relations
Geographic subdivision Pakistan.

No items available.

Powered by Koha